El alma de los perros

Gardado en:
Detalles Bibliográficos
Autor Principal: Soiza Reilly, Juan José de (Author)
Formato: Libro
Idioma:Lingua castelá
Publicado: Ciudad de México Nacional 1960
Subjects:
Tags: Engadir etiqueta
Sen Etiquetas, Sexa o primeiro en etiquetar este rexistro!

MARC

LEADER 00000nam a2200000 a 4500
001 UCT9921
003 CL-VaPUC
008 970412e19600000MX |||||||||||||||||spa|d
082 0 4 |a Ur863  |b SOI  |2 21 
100 0 |a Soiza Reilly, Juan José de  |e author  |9 383017 
245 1 3 |a El alma de los perros 
300 |a 233 p 
942 |c BK 
945 |d 19970412 00:00:00  |a rleighto 
260 |a Ciudad de México  |b Nacional  |c 1960 
650 0 |a Cuentos uruguayos  |9 265136 
583 |a last modification  |c 19970412 00:00:00  |k Rodrigo Vera 
999 |c 258259  |d 258257 
952 |0 0  |1 0  |4 0  |6 UR_863_000000000000000_SOI_1960  |7 0  |8 A  |9 282208  |a BIBEDU  |b BIBEDU  |d 2019-11-19  |i 3295133  |o Ur863 SOI 1960  |p 3295133  |r 2019-11-19  |w 2019-11-19  |y BK  |k LIT